| 000 | 00477nam a2200169Ia 4500 | ||
|---|---|---|---|
| 999 |
_c27447 _d27447 |
||
| 003 | OSt | ||
| 005 | 20201204103308.0 | ||
| 008 | 190216s9999||||xx |||||||||||||| ||und|| | ||
| 040 | _coclc | ||
| 082 |
_a894.8123 _bMUK/C |
||
| 100 |
_aMukundan, M _96509 |
||
| 245 | 0 |
_aCharli Master / _cM Mukundan |
|
| 260 |
_bPoorna Publications, _c1993. _aKozhikode: |
||
| 300 | _a84p | ||
| 650 | _aMalayalam Novel | ||
| 942 |
_cBK _2ddc _h894.8123 _iMUK/C _k894.8123 _mMUK/C |
||